000 00721nam a2200301Ia 4500
001 154651
003 248950
005 20250814062545.0
008 170123e2004 spa||||||||| 000 0 spa d
041 _aspa
082 _a142.3
100 _aWant, Christopher
_9192486
245 0 _aKant para principiantes
260 _c2004.
534 _tTítulo original : Kant for beginners.
562 _e1
650 0 _aFilosofía alemana
_9761
650 _aFILOSOFÍA DE LA RAZÓN
_9114546
650 _aKANT, IMMANUEL, 1724-1804
_9192487
650 _aMETAFÍSICA
_9192488
942 _cBKM
999 _c154651
_d154651
526 _a4969
526 _a19790
526 _a104436
526 _a5144
526 _a51868
526 _a1697